Name a Valid Border - Asia - Statistics

General Stats
  • This quiz has been taken 46 times
  • The average score is 10 of 10
Answer Stats
Country Answer % Correct
Nepal China | India
100%
North Korea China | South Korea | Russia
100%
Bangladesh India | Myanmar
97%
Turkmenistan Iran | Afghanistan | Uzbekistan | Kazakhstan
97%
Qatar Saudi Arabia
97%
Yemen Saudi Arabia | Oman
97%
Malaysia Thailand | Brunei | Indonesia
97%
East Timor Indonesia
94%
Lebanon Syria | Israel
94%
Azerbaijan Russia | Iran | Armenia | Georgia
92%
No matching quizzes found
Score Distribution
Percent of People with Each Score
Percentile by Number Answered
Your Score History
You have not taken this quiz